[Event "BL 8283 Delmenhorst-Bayern"]
[Site "?"]
[Date "1982.??.??"]
[Round "?.1"]
[White "Pfleger, He"]
[Black "Juhnke, K."]
[Result "1-0"]
[WhiteElo "2505"]
[BlackElo "2320"]
[PlyCount "102"]
[EventDate "1982.??.??"]

1. d4 Nf6 2. c4 g6 3. g3 Bg7 4. Bg2 d6 5. Nc3 O-O 6. Nf3 Nc6 7. O-O a6 8. b3
Rb8 9. Bb2 b5 10. cxb5 axb5 11. d5 Na7 12. Rc1 Bd7 13. Nd4 e5 14. Nc2 b4 15.
Ne4 Nxe4 16. Bxe4 c5 17. dxc6 Bxc6 18. Bxc6 Nxc6 19. Ne3 Nd4 20. Nd5 Rb5 21. e4
Qa5 22. Bxd4 exd4 23. Rc6 Rd8 24. Qd2 h6 25. Rfc1 Rd7 26. Qd3 Rc5 27. R1xc5
dxc5 28. Ra6 Qd8 29. Rc6 Rxd5 30. exd5 Qxd5 31. Rc8+ Bf8 32. Re8 Qd7 33. Re2 h5
34. h4 Kh7 35. Re5 Kg8 36. Qe4 Bd6 37. Rd5 Qc7 38. Kg2 Kg7 39. f4 Qe7 40. Qxe7
Bxe7 41. Kf3 f5 42. Ke2 Kf7 43. Rd7 Ke6 44. Rb7 Kf6 45. Rb6+ Kf7 46. Kd3 Bf6
47. Kc4 Be7 48. Ra6 Bf8 49. a4 bxa3 50. Rxa3 Ke6 51. Ra6+ Kf7 1-0

[Event "BL 8283 Delmenhorst-Bayern"]
[Site "?"]
[Date "1982.??.??"]
[Round "?.2"]
[White "Meyer, CD."]
[Black "Kindermann, S."]
[Result "1/2-1/2"]
[WhiteElo "2365"]
[BlackElo "2465"]
[PlyCount "72"]
[EventDate "1982.??.??"]

1. e4 e5 2. Nf3 Nc6 3. Bb5 Bc5 4. c3 f5 5. d4 fxe4 6. Bxc6 dxc6 7. Nfd2 Bd6 8.
dxe5 e3 9. exd6 exd2+ 10. Nxd2 cxd6 11. O-O Ne7 12. Ne4 O-O 13. Qxd6 Qe8 14.
Qe5 Qg6 15. Qxe7 Re8 16. Qg5 Qxe4 17. Be3 Qg4 18. Qxg4 Bxg4 19. Rfe1 a6 20. f3
Be6 21. a3 Rad8 22. Bd4 Bb3 23. Kf2 Kf7 24. h4 g6 25. g4 Rxe1 26. Rxe1 Re8 27.
Rxe8 Kxe8 28. Ke3 Kf7 29. Kf4 Ke6 30. Kg5 Kf7 31. f4 Bc2 32. f5 gxf5 33. gxf5
a5 34. Bb6 a4 35. Kf4 Kf6 36. Bd4+ Kf7 1/2-1/2

[Event "BL 8283 Delmenhorst-Bayern"]
[Site "?"]
[Date "1982.??.??"]
[Round "?.5"]
[White "Klundt, K."]
[Black "Dornieden, M."]
[Result "1/2-1/2"]
[WhiteElo "2380"]
[BlackElo "2325"]
[PlyCount "105"]
[EventDate "1982.??.??"]

1. e4 g6 2. d4 Bg7 3. Nf3 d6 4. Nc3 Nf6 5. Be2 O-O 6. O-O a6 7. Re1 b5 8. e5
Nfd7 9. a4 bxa4 10. Bg5 f6 11. exf6 exf6 12. Bf4 Nb6 13. Nxa4 Nxa4 14. Rxa4 Nd7
15. Qd2 Nb6 16. Ra5 Re8 17. Rea1 Qe7 18. Kf1 Kf8 19. b3 Qd7 20. c4 Bb7 21. d5
Qf7 22. Nd4 Bc8 23. Bf3 Rb8 24. Rd1 g5 25. Be3 g4 26. Be2 f5 27. Bh6 Qf6 28.
Bxg7+ Kxg7 29. Nc6 Ra8 30. Qd4 Nd7 31. f4 gxf3 32. Qxf6+ Kxf6 33. Bxf3 Ne5 34.
Nxe5 Rxe5 35. Kf2 Rb8 36. Rd3 Bb7 37. Ra1 Rbe8 38. b4 f4 39. c5 Re3 40. Rd4 Kg5
41. Rc1 Rb3 42. Rc2 Bc8 43. h4+ Kxh4 44. Rxf4+ Kg5 45. Rf7 Rxb4 46. Rxc7 Bf5
47. Rc3 dxc5 48. R7xc5 Rb2+ 49. Kg3 Rd2 50. Ra5 Rd3 51. Rcc5 Re5 52. Rxa6 Be4
53. Re6 1/2-1/2

[Event "BL 8283 Enger-München 36"]
[Site "?"]
[Date "1982.??.??"]
[Round "?.1"]
[White "Unzicker, W."]
[Black "Gruen, G."]
[Result "0-1"]
[WhiteElo "2465"]
[BlackElo "2285"]
[PlyCount "70"]
[EventDate "1982.??.??"]

1. e4 Nf6 2. e5 Nd5 3. d4 d6 4. Nf3 Bg4 5. Be2 c6 6. Ng5 Bf5 7. Bd3 Bxd3 8.
Qxd3 dxe5 9. dxe5 e6 10. O-O Nd7 11. Qe2 h6 12. Nf3 Qc7 13. c4 Ne7 14. Nc3
O-O-O 15. b3 g5 16. Bb2 g4 17. Ne1 Bg7 18. Qxg4 Rhg8 19. Rd1 Bxe5 20. Qh3 Rg6
21. Kh1 Rdg8 22. Rg1 Nf6 23. Nd3 Ng4 24. g3 Nf5 25. Rd2 Bd4 26. Ne4 Bxb2 27.
Rxb2 h5 28. Re1 h4 29. f3 hxg3 30. fxg4 Rxg4 31. Nf6 Rh4 32. Qxh4 Nxh4 33. Nxg8
g2+ 34. Rxg2 Nxg2 35. Kxg2 Qd8 0-1

[Event "BL 8283 Enger-München 36"]
[Site "?"]
[Date "1982.??.??"]
[Round "?.2"]
[White "Fleck, J."]
[Black "Robatsch, K."]
[Result "0-1"]
[WhiteElo "2365"]
[BlackElo "2410"]
[PlyCount "82"]
[EventDate "1982.??.??"]

1. e4 c5 2. Nf3 d6 3. d4 cxd4 4. Nxd4 Nf6 5. Nc3 Nc6 6. Be3 e5 7. Ndb5 a6 8.
Na3 b5 9. Nd5 Nxd5 10. exd5 Ne7 11. c4 Nf5 12. cxb5 Nxe3 13. fxe3 g6 14. bxa6
Qh4+ 15. g3 Qe4 16. Qc2 Qxe3+ 17. Be2 Bxa6 18. Qc6+ Ke7 19. Nc4 Bxc4 20. Qc7+
Kf6 21. Rf1+ Kg7 22. Qxc4 Be7 23. Qd3 Qc5 24. Qb5 Rhb8 25. Qxc5 dxc5 26. Bc4
Rxb2 27. d6 Bxd6 28. Rxf7+ Kh6 29. O-O-O Rb6 30. Be6 Rd8 31. g4 Kg5 32. Rxh7 e4
33. Rf1 Bf4+ 34. Kc2 Rd2+ 35. Kc3 Rxh2 36. Rxh2 Be5+ 37. Kc2 Rb2+ 38. Kd1 Rxh2
39. a4 Bc3 40. Bc4 Rd2+ 41. Kc1 Rd4 {.../??/} 0-1

[Event "BL 8283 Enger-München 36"]
[Site "?"]
[Date "1982.??.??"]
[Round "?.3"]
[White "Bastian, H."]
[Black "Kunsztowicz, U."]
[Result "1-0"]
[WhiteElo "2360"]
[BlackElo "2350"]
[PlyCount "109"]
[EventDate "1982.??.??"]

1. e4 c5 2. Nc3 Nc6 3. g3 g6 4. Bg2 Bg7 5. d3 d6 6. f4 e6 7. Nf3 Nge7 8. O-O
O-O 9. Be3 Nd4 10. Rb1 d5 11. Bf2 b6 12. e5 Nxf3+ 13. Bxf3 Bd7 14. Re1 Rc8 15.
d4 Nf5 16. Ne2 Ba4 17. Rc1 Qd7 18. dxc5 bxc5 19. b3 Bc6 20. g4 Ne7 21. Bxc5 Bb5
22. Be3 Rc7 23. Nd4 Rfc8 24. Qd2 Rc3 25. Nxb5 Qxb5 26. Bd4 R3c7 27. Be2 Qb7 28.
Bd3 Nc6 29. Bb2 Nb4 30. a3 Nxd3 31. Qxd3 Bf8 32. Re2 a5 33. Rf1 a4 34. b4 Bc5+
35. Kg2 Ba7 36. h3 Rc4 37. f5 Qc6 38. fxe6 fxe6 39. Qf3 d4 40. Re4 Qb7 41. Re2
Qxf3+ 42. Kxf3 Rxc2 43. Rxc2 Rxc2 44. Rf2 Rxf2+ 45. Kxf2 d3+ 46. Kf3 Kf7 47.
Bc3 d2 48. Bxd2 Bd4 49. Ke4 Bb2 50. b5 Ke7 51. Bb4+ Kd7 52. Bd6 Bc3 53. Kd3 Be1
54. Kc4 Bd2 55. Kc5 1-0

[Event "BL 8283 Zähringen-Porz"]
[Site "?"]
[Date "1982.??.??"]
[Round "?.1"]
[White "Hort, V."]
[Black "Herbrechtsmeier, C."]
[Result "1/2-1/2"]
[WhiteElo "2600"]
[BlackElo "2320"]
[PlyCount "104"]
[EventDate "1982.??.??"]

1. Nc3 d5 2. e4 Nf6 3. e5 Nfd7 4. f4 c5 5. Nf3 Nc6 6. d3 Nb6 7. h3 h5 8. g3 Bd7
9. Bg2 g6 10. O-O e6 11. Bd2 c4 12. d4 a6 13. Be1 Nc8 14. b3 b5 15. bxc4 bxc4
16. Rb1 Qc7 17. g4 hxg4 18. hxg4 Rb8 19. Ne2 Rxb1 20. Qxb1 Qb6 21. Bh4 N6a7 22.
Bf6 Rh7 23. f5 gxf5 24. gxf5 Nb5 25. c3 Na3 26. Qc1 exf5 27. Ng5 Rh6 28. Bxd5
Rxf6 29. exf6 Qxf6 30. Qe3+ Be7 31. Nh3 Nd6 32. Bg2 Qg7 33. Ng3 Kd8 34. Nf4 Bh4
35. Ngh5 Qh8 36. Qh3 Bg5 37. Qg3 Be7 38. Re1 Nab5 39. Nd5 Bf8 40. Nhf6 Be6 41.
a4 Nc7 42. Nxc7 Kxc7 43. Nd5+ Bxd5 44. Bxd5 Qf6 45. Bg2 Qg7 46. Qxg7 Bxg7 47.
Kf2 Bf6 48. Bf3 Bh4+ 49. Ke2 Bxe1 50. Kxe1 Kb6 51. Kd2 Ka5 52. Bc6 Kb6 1/2-1/2

[Event "BL 8283 Zähringen-Porz"]
[Site "?"]
[Date "1982.??.??"]
[Round "?.2"]
[White "Schuh, H."]
[Black "Miles, A."]
[Result "0-1"]
[WhiteElo "2305"]
[BlackElo "2565"]
[PlyCount "80"]
[EventDate "1982.??.??"]

1. d4 Nf6 2. Nf3 e6 3. c4 b6 4. e3 Bb7 5. Bd3 Ne4 6. O-O Bd6 7. Nbd2 f5 8. Bxe4
fxe4 9. Ne5 O-O 10. Qg4 Bxe5 11. dxe5 Rf5 12. b3 Rxe5 13. Bb2 Qg5 14. Qxg5 Rxg5
15. Rfd1 Na6 16. Ba3 Nc5 17. Bxc5 bxc5 18. Nb1 Bc6 19. Nc3 Rb8 20. Rab1 Kf7 21.
Rd2 Ke7 22. a3 h5 23. b4 h4 24. b5 Bb7 25. Rbd1 d6 26. a4 Re5 27. a5 Bc8 28. a6
Bd7 29. Kf1 Rf8 30. Kg1 Kd8 31. Kf1 Kc8 32. Kg1 Kb8 33. Kf1 Be8 34. Rb1 Bh5 35.
Na4 Rg5 36. Nc3 h3 37. gxh3 Bf3 38. Ne2 Rg2 39. Ng1 Rxh2 40. Rdb2 Rh1 0-1

[Event "BL 8283 Zähringen-Porz"]
[Site "?"]
[Date "1982.??.??"]
[Round "?.3"]
[White "Marian, R."]
[Black "Raupp, T."]
[Result "0-1"]
[WhiteElo "2325"]
[BlackElo "2245"]
[PlyCount "106"]
[EventDate "1982.??.??"]

1. e4 c5 2. Nc3 e6 3. g3 d5 4. exd5 exd5 5. Bg2 Nf6 6. Nge2 d4 7. Ne4 Nxe4 8.
Bxe4 Nd7 9. d3 Nf6 10. Bg2 Bd6 11. O-O O-O 12. Bg5 h6 13. Bxf6 Qxf6 14. Qd2 Bg4
15. Rae1 Rae8 16. Nc1 b6 17. Rxe8 Rxe8 18. Re1 Re5 19. Rxe5 Qxe5 20. Kf1 g5 21.
Qe1 Be6 22. Qxe5 Bxe5 23. Bc6 Kf8 24. b3 Ke7 25. a4 Kd6 26. Ba8 f5 27. Ne2 Bf6
28. Ng1 Kc7 29. Nf3 a6 30. Nd2 b5 31. axb5 axb5 32. Ke2 Kb6 33. f4 Ka5 34. Nf3
Kb4 35. Kd2 gxf4 36. gxf4 Bd8 37. Ng1 Bh4 38. Ne2 Bf2 39. Kc1 Be3+ 40. Kb2 h5
41. Bf3 h4 42. h3 Bf7 43. Ka2 Bd2 44. Kb2 Be6 45. Ka2 Be3 46. Kb2 Bf7 47. Ka2
c4 48. bxc4 bxc4 49. dxc4 Kxc4 50. Kb1 Bd5 51. Bxd5+ Kxd5 52. Kb2 Ke4 53. c4
Kf3 0-1

[Event "BL 8283 Zähringen-Porz"]
[Site "?"]
[Date "1982.??.??"]
[Round "?.5"]
[White "Ostermeyer, P."]
[Black "Vatter, H."]
[Result "1-0"]
[WhiteElo "2435"]
[BlackElo "2240"]
[PlyCount "129"]
[EventDate "1982.??.??"]

1. d4 Nf6 2. c4 g6 3. Nc3 Bg7 4. e4 d6 5. f3 O-O 6. Bg5 c5 7. d5 e6 8. Qd2 exd5
9. cxd5 a6 10. a4 Nbd7 11. Nge2 Re8 12. Ng3 Qe7 13. Be2 Qf8 14. O-O Rb8 15. Ra3
b6 16. Rb3 Bb7 17. Nb1 h6 18. Bf4 h5 19. Nh1 Qe7 20. Nc3 Nh7 21. Nf2 Bc8 22.
Nfd1 Ne5 23. Ne3 h4 24. Nc4 Nxc4 25. Bxc4 g5 26. Be3 f5 27. Qd3 Bxc3 28. Qxc3
fxe4 29. Bxc5 exf3 30. Qxf3 Rf8 31. Qd3 Bf5 32. Rxf5 bxc5 33. Rxb8 Rxb8 34. Rf2
Qg7 35. Qe3 Rf8 36. Bxa6 Rxf2 37. Qxf2 Qe5 38. a5 Nf6 39. Bc8 Nxd5 40. a6 Nc7
41. Bb7 Nb5 42. Qd2 Kf7 43. Qd5+ Qxd5 44. Bxd5+ Kf6 45. Kf2 Ke5 46. Bc6 Na7 47.
Bd7 d5 48. Kf3 c4 49. Kg4 Kf6 50. Kh5 d4 51. Kg4 Ke7 52. Ba4 Kf6 53. h3 Kg6 54.
Kf3 Kf5 55. Be8 Ke5 56. Bf7 c3 57. bxc3 dxc3 58. Ke3 Nc6 59. Be8 Na7 60. Kd3
Kf4 61. Bd7 Kg3 62. Kxc3 Kxg2 63. Kc4 g4 64. Bxg4 Nc6 65. Kc5 1-0

[Event "BL 8283 Zähringen-Porz"]
[Site "?"]
[Date "1982.??.??"]
[Round "?.7"]
[White "Dankert, P."]
[Black "Kiefer, G."]
[Result "1/2-1/2"]
[WhiteElo "2380"]
[BlackElo "2230"]
[PlyCount "62"]
[EventDate "1982.??.??"]

1. d4 Nf6 2. c4 e6 3. Nf3 Bb4+ 4. Bd2 Qe7 5. g3 b6 6. Bg2 Bxd2+ 7. Nfxd2 d5 8.
Nc3 Bb7 9. cxd5 exd5 10. Qb3 c6 11. O-O O-O 12. Rfe1 Nbd7 13. e4 dxe4 14. Ndxe4
Nxe4 15. Nxe4 Nf6 16. Nc5 Qc7 17. Nxb7 Qxb7 18. Rac1 Rac8 19. Re3 Qd7 20. Qa4
b5 21. Qb4 Nd5 22. Bxd5 Qxd5 23. a3 Rfd8 24. Rc5 Qd6 25. Qc3 Qd7 26. Re4 g6 27.
b4 Rf8 28. Rce5 Rfe8 29. Qc5 Rxe5 30. Rxe5 Re8 31. Rxe8+ Qxe8 {.../53/} 1/2-1/2

[Event "BL 8283 Koblenz-Markth'feld"]
[Site "?"]
[Date "1982.??.??"]
[Round "?.1"]
[White "Goehring, K."]
[Black "Doncevic, D."]
[Result "1-0"]
[WhiteElo "2365"]
[BlackElo "2275"]
[PlyCount "95"]
[EventDate "1982.??.??"]

1. d4 Nf6 2. c4 g6 3. Nc3 d5 4. Nf3 Bg7 5. e3 O-O 6. cxd5 Nxd5 7. Bc4 Nb6 8.
Bb3 c5 9. O-O cxd4 10. exd4 Nc6 11. d5 Na5 12. Re1 h6 13. Bf4 Bg4 14. h3 Bxf3
15. Qxf3 Qd7 16. Be5 Nxb3 17. axb3 Rfd8 18. Bxg7 Kxg7 19. Re5 Qd6 20. Rae1 Rd7
21. h4 h5 22. Qe3 Rad8 23. Qd4 Kg8 24. Ne4 Qc7 25. d6 Rxd6 26. Nxd6 Rxd6 27.
Qc3 Rc6 28. Qa5 Nc8 29. Qxc7 Rxc7 30. R1e3 Rd7 31. Rc5 Nb6 32. Rec3 Nd5 33. Rd3
e6 34. b4 Kf8 35. b5 Kg7 36. Ra3 b6 37. Rc8 Nf4 38. g3 Nd3 39. b3 Rd5 40. Rxa7
Rxb5 41. Rcc7 Rf5 42. f4 e5 43. Rc3 Nc5 44. b4 Ne6 45. Re3 Nd4 46. fxe5 Nf3+
47. Kg2 Nxe5 48. Rb7 1-0

[Event "BL 8283 Koblenz-Markth'feld"]
[Site "?"]
[Date "1982.??.??"]
[Round "?.3"]
[White "Oechslein, R."]
[Black "Wolf, V."]
[Result "1-0"]
[WhiteElo "2205"]
[BlackElo "2245"]
[PlyCount "101"]
[EventDate "1982.??.??"]

1. e4 e5 2. Nf3 Nc6 3. d4 exd4 4. Nxd4 Bc5 5. Be3 Qf6 6. c3 Nge7 7. Bc4 O-O 8.
O-O Ne5 9. Be2 Qg6 10. Nd2 d5 11. Nf5 Bxf5 12. Bxc5 Bh3 13. Bf3 Rfe8 14. Kh1
dxe4 15. Bxe4 Bf5 16. Qc2 Bxe4 17. Nxe4 Nf5 18. f3 b6 19. Bf2 Nd6 20. Rfe1 Ng4
21. Bg3 Nxe4 22. Rxe4 Rxe4 23. Qxe4 Qxe4 24. fxe4 c5 25. Rd1 h6 26. Kg1 Nf6 27.
e5 Ne4 28. Rd7 Ng5 29. Kf2 Ne6 30. Ke3 c4 31. a4 Nc5 32. Rc7 Nxa4 33. Rxc4 Nc5
34. Rd4 Rc8 35. Be1 Kf8 36. Rc4 Rd8 37. Rd4 Rc8 38. b4 Ne6 39. Rd7 Rc7 40. Rxc7
Nxc7 41. c4 Ke7 42. Ke4 Ke6 43. Bf2 Na6 44. b5 Nc5+ 45. Bxc5 bxc5 46. h3 f5+
47. exf6 gxf6 48. g4 Kd6 49. Kf5 Ke7 50. h4 Kf7 51. h5 1-0

[Event "BL 8283 Koblenz-Markth'feld"]
[Site "?"]
[Date "1982.??.??"]
[Round "?.4"]
[White "Heimerl, L."]
[Black "Riefner, E."]
[Result "1/2-1/2"]
[WhiteElo "2215"]
[BlackElo "2245"]
[PlyCount "94"]
[EventDate "1982.??.??"]

1. d4 Nf6 2. c4 g6 3. Nc3 d5 4. Bf4 Bg7 5. Nf3 c6 6. e3 O-O 7. h3 Nbd7 8. cxd5
Nxd5 9. Nxd5 cxd5 10. Bd3 Qa5+ 11. Qd2 Qxd2+ 12. Nxd2 e5 13. dxe5 Nxe5 14. Bxe5
Bxe5 15. O-O-O Be6 16. Nf3 Bf6 17. Kb1 Rac8 18. Rc1 Rc6 19. Nd4 Rb6 20. a3 Re8
21. Rhe1 Be5 22. Re2 Bd7 23. Rec2 Rf6 24. Nf3 Bd6 25. Nd4 a6 26. Ka2 h6 27. b4
g5 28. g4 Ba4 29. Rd2 Be5 30. Nf5 Bd7 31. Rdc2 Be6 32. Kb1 Kf8 33. Rh1 h5 34.
Rg1 h4 35. Rf1 Rd8 36. f4 Bxf5 37. Bxf5 gxf4 38. exf4 Bb8 39. Rc8 Rfd6 40.
Rxd8+ Rxd8 41. Kc2 Re8 42. Rf3 Re2+ 43. Kb3 d4 44. Kc4 Re3 45. Rxe3 dxe3 46.
Kd3 Bxf4 47. Bc8 e2 {.../55/} 1/2-1/2

[Event "BL 8283 Porz-Koblenz"]
[Site "?"]
[Date "1982.??.??"]
[Round "?.2"]
[White "Miles, A."]
[Black "Schulz, KJ."]
[Result "1-0"]
[WhiteElo "2565"]
[BlackElo "2310"]
[PlyCount "103"]
[EventDate "1982.??.??"]

1. d4 d5 2. c4 dxc4 3. Nf3 Nf6 4. Nc3 a6 5. e4 b5 6. e5 Nd5 7. a4 Nxc3 8. bxc3
Bb7 9. e6 f6 10. g3 Qd5 11. Bg2 Qxe6+ 12. Be3 Qc8 13. O-O e6 14. Bh3 Bd5 15.
Nh4 g6 16. Ng2 Bd6 17. Bh6 Nd7 18. Ne3 Kf7 19. Nxd5 exd5 20. axb5 Re8 21. Qf3
Re4 22. Rxa6 f5 23. Rfa1 Rb8 24. g4 Nf6 25. gxf5 g5 26. Bxg5 Qg8 27. Qg2 Rbe8
28. Kf1 Ng4 29. Bxg4 Qxg5 30. h3 Re1+ 31. Rxe1 Rxe1+ 32. Kxe1 Qc1+ 33. Bd1
Qxc3+ 34. Kf1 Qd3+ 35. Kg1 Qxd1+ 36. Qf1 Qf3 37. Qe1 Qxf5 38. Ra8 Qxh3 39. Qe8+
Kf6 40. Qh8+ Kf7 41. Qg8+ Kf6 42. Qg2 Qf5 43. Rg8 Qb1+ 44. Qf1 Qxb5 45. Qc1 Kf7
46. Rg4 Qd7 47. Qg5 Qe7 48. Qh6 Ke8 49. Rg8+ Kd7 50. Rg7 c3 51. Rxe7+ Bxe7 52.
Qh3+ 1-0

[Event "BL 8283 Porz-Koblenz"]
[Site "?"]
[Date "1982.??.??"]
[Round "?.4"]
[White "Ostermeyer, P."]
[Black "Heimerl, L."]
[Result "1-0"]
[WhiteElo "2435"]
[BlackElo "2215"]
[PlyCount "91"]
[EventDate "1982.??.??"]

1. d4 Nf6 2. c4 e6 3. Nf3 Bb4+ 4. Bd2 Qe7 5. a3 Bxd2+ 6. Qxd2 a5 7. Nc3 d6 8.
g3 O-O 9. Bg2 e5 10. O-O Re8 11. e3 c6 12. Qc2 g6 13. c5 dxc5 14. Nxe5 Bf5 15.
Qb3 cxd4 16. exd4 Be6 17. Qa4 Nbd7 18. Rfe1 Nb6 19. Qc2 a4 20. Qd2 Rad8 21.
Rad1 Qf8 22. Qf4 Qg7 23. h4 Bb3 24. Rc1 Nh5 25. Qf3 f5 26. Ne2 Bd5 27. Qc3 Nf6
28. Nf4 Bxg2 29. Kxg2 Nfd5 30. Nxd5 Nxd5 31. Qc4 Ra8 32. Nf3 Qf7 33. Ng5 Qd7
34. Re5 h6 35. Nf3 Rxe5 36. dxe5 Qe6 37. Qe2 Re8 38. Re1 Nf6 39. Qd1 Ng4 40.
Qxa4 Qd5 41. Rd1 Qe4 42. Qb3+ Kf8 43. Re1 Qd5 44. Qc3 Re6 45. h5 g5 46. Qc2 1-0

[Event "BL 8283 Porz-Koblenz"]
[Site "?"]
[Date "1982.??.??"]
[Round "?.6"]
[White "Dankert, P."]
[Black "Koerholz, L."]
[Result "0-1"]
[WhiteElo "2380"]
[BlackElo "2220"]
[PlyCount "102"]
[EventDate "1982.??.??"]

1. d4 Nf6 2. c4 g6 3. Nc3 Bg7 4. Nf3 O-O 5. Bg5 c5 6. e3 d6 7. Be2 Bf5 8. O-O
Na6 9. Rc1 Ne4 10. Nxe4 Bxe4 11. Qd2 Re8 12. Rfd1 Rc8 13. Ne1 Bc6 14. d5 Bd7
15. e4 Rb8 16. Nf3 b5 17. b3 Qb6 18. Bh6 bxc4 19. Bxc4 Bg4 20. Bxg7 Kxg7 21.
Re1 Bxf3 22. Qc3+ f6 23. Qxf3 Rb7 24. Qg3 Nb8 25. f4 Nd7 26. h4 Reb8 27. h5 Qd8
28. hxg6 hxg6 29. e5 Nf8 30. Re3 dxe5 31. fxe5 Rd7 32. Rce1 Rb6 33. Qh4 fxe5
34. Rh3 Rf6 35. Qh8+ Kf7 36. Rxe5 Rdd6 37. Rhe3 a6 38. Qh4 Rd7 39. d6+ e6 40.
Bxa6 Rxd6 41. Bc4 Rd1+ 42. Re1 Rf1+ 43. Bxf1 Qxh4 44. Rxd1 Qf4 45. Re2 Ke7 46.
Ree1 g5 47. Rd3 g4 48. g3 Qc7 49. Red1 Qa7 50. Bg2 c4+ 51. Rd4 e5 0-1

[Event "BL 8283 Markth'feld-Zähringen"]
[Site "?"]
[Date "1982.??.??"]
[Round "?.2"]
[White "Oechslein, R."]
[Black "Schuh, H."]
[Result "1/2-1/2"]
[WhiteElo "2205"]
[BlackElo "2305"]
[PlyCount "44"]
[EventDate "1982.??.??"]

1. e4 c5 2. Nf3 d6 3. Bb5+ Nd7 4. d4 Ngf6 5. Nc3 cxd4 6. Qxd4 e5 7. Qd3 h6 8.
Nd2 Be7 9. Nc4 O-O 10. Bxd7 Bxd7 11. Ne3 Be6 12. O-O Rc8 13. Bd2 Qb6 14. b3 Qd4
15. Rac1 Rc5 16. f3 Rfc8 17. Na4 Qxd3 18. cxd3 Rxc1 19. Rxc1 Rxc1+ 20. Bxc1 d5
21. exd5 Nxd5 22. Nxd5 Bxd5 {.../38/} 1/2-1/2

[Event "BL 8283 Markth'feld-Zähringen"]
[Site "?"]
[Date "1982.??.??"]
[Round "?.3"]
[White "Raupp, T."]
[Black "Riefner, E."]
[Result "1/2-1/2"]
[WhiteElo "2245"]
[BlackElo "2245"]
[PlyCount "51"]
[EventDate "1982.??.??"]

1. c4 Nf6 2. Nc3 d5 3. cxd5 Nxd5 4. g3 e5 5. Bg2 Nb6 6. Nf3 Nc6 7. O-O Be7 8.
d3 Be6 9. Be3 O-O 10. Qc1 Nd5 11. Nxd5 Bxd5 12. Rd1 Nd4 13. Bxd4 exd4 14. Qc2
c5 15. Nd2 Rc8 16. Bxd5 Qxd5 17. Qb3 Rfd8 18. Qxd5 Rxd5 19. a4 Re8 20. Nf3 h5
21. h4 Bf8 22. Kf1 Re6 23. Rdc1 Rb6 24. Rc2 g6 25. Nd2 Bh6 26. Ne4 1/2-1/2

[Event "BL 8283 Markth'feld-Zähringen"]
[Site "?"]
[Date "1982.??.??"]
[Round "?.5"]
[White "Vatter, H."]
[Black "Meinberger, L."]
[Result "0-1"]
[WhiteElo "2240"]
[BlackElo "2240"]
[PlyCount "74"]
[EventDate "1982.??.??"]

1. e4 c5 2. c3 Nf6 3. e5 Nd5 4. d4 cxd4 5. Nf3 e6 6. cxd4 b6 7. a3 Ba6 8. Bxa6
Nxa6 9. O-O Be7 10. Nbd2 O-O 11. Ne4 Nac7 12. Qd3 f5 13. exf6 Nxf6 14. Bf4 Ncd5
15. Be5 Nxe4 16. Qxe4 Qc8 17. Rac1 Qa6 18. Qg4 Bf6 19. Bd6 Rfc8 20. Rce1 Rc6
21. Rxe6 Qc8 22. Rxf6 Nxf6 23. Qf4 Rc2 24. Ne5 Qe8 25. b3 Rac8 26. h3 R8c3 27.
Re1 Nd5 28. Qe4 Nf6 29. Qb7 Rc1 30. Rxc1 Rxc1+ 31. Kh2 Rc3 32. Qxa7 Rxb3 33.
Bb4 b5 34. Qc5 Rb2 35. Qxb5 Rxf2 36. Kg1 Rc2 37. Be7 Rc1+ 0-1

[Event "BL 8283 Porz-Bamberg"]
[Site "?"]
[Date "1983.??.??"]
[Round "?.1"]
[White "Hartmann, Wo"]
[Black "Hort, V."]
[Result "0-1"]
[WhiteElo "2275"]
[BlackElo "2600"]
[PlyCount "76"]
[EventDate "1983.??.??"]

1. e4 c5 2. Nf3 d6 3. d4 cxd4 4. Nxd4 Nf6 5. Nc3 a6 6. Be3 e6 7. f4 b5 8. Qf3
Bb7 9. Bd3 Nbd7 10. O-O b4 11. Nd1 g6 12. Nf2 Bg7 13. a3 bxa3 14. Rxa3 Nc5 15.
Nb3 Nxd3 16. cxd3 O-O 17. Na5 Qd7 18. Bd4 Rfe8 19. Qe3 Rac8 20. Nc4 Rc7 21. Bc3
d5 22. Ne5 Qd6 23. Rb3 Ba8 24. Bb4 Qd8 25. Ba5 Ree7 26. Nf3 dxe4 27. dxe4 Bf8
28. g4 Qc8 29. g5 Nh5 30. Bxc7 Rxc7 31. Nd3 Rc4 32. Nd2 Rc2 33. Nb1 e5 34. f5
Nf4 35. Na3 Rg2+ 36. Kh1 Re2 37. Qxe2 Nxe2 38. Nf2 Qxf5 0-1

[Event "BL 8283 Porz-Bamberg"]
[Site "?"]
[Date "1983.??.??"]
[Round "?.2"]
[White "Miles, A."]
[Black "Backwinkel, P."]
[Result "1/2-1/2"]
[WhiteElo "2565"]
[BlackElo "2305"]
[PlyCount "45"]
[EventDate "1983.??.??"]

1. d4 c5 2. d5 d6 3. e4 Nf6 4. Nc3 g6 5. Nf3 Bg7 6. Be2 O-O 7. O-O Na6 8. Bf4
Nc7 9. a4 b6 10. Qd2 Bb7 11. Rfe1 a6 12. Rab1 Rc8 13. Bc4 Qd7 14. Qd3 Nh5 15.
Bd2 e6 16. dxe6 fxe6 17. b4 Bc6 18. bxc5 bxc5 19. Rb6 Nf4 20. Bxf4 Rxf4 21. Rd1
Bxc3 22. Qxc3 Rxe4 23. Qd3 1/2-1/2

[Event "BL 8283 Porz-Bamberg"]
[Site "?"]
[Date "1983.??.??"]
[Round "?.3"]
[White "Kestler, H."]
[Black "Marian, R."]
[Result "1/2-1/2"]
[WhiteElo "2395"]
[BlackElo "2325"]
[PlyCount "45"]
[EventDate "1983.??.??"]

1. e4 c5 2. c3 Nf6 3. e5 Nd5 4. d4 cxd4 5. Qxd4 e6 6. Nf3 Nc6 7. Qe4 Qc7 8. Bc4
Nde7 9. Bf4 Ng6 10. Bg3 d5 11. exd6 Bxd6 12. Na3 a6 13. Rd1 Bf4 14. O-O Bxg3
15. hxg3 O-O 16. Be2 b5 17. Qe3 Bb7 18. Qc5 Rac8 19. Nc2 Nge7 20. Qh5 Nd5 21.
Ncd4 Nf6 22. Qh4 Nxd4 23. Qxd4 1/2-1/2

[Event "BL 8283 Porz-Bamberg"]
[Site "?"]
[Date "1983.??.??"]
[Round "?.5"]
[White "Ruehrig, V."]
[Black "Ostermeyer, P."]
[Result "0-1"]
[WhiteElo "2300"]
[BlackElo "2435"]
[PlyCount "108"]
[EventDate "1983.??.??"]

1. e4 c5 2. Nf3 d6 3. d4 Nf6 4. Nc3 cxd4 5. Nxd4 a6 6. f4 e5 7. Nf3 Qc7 8. Bd3
Be7 9. O-O b5 10. Qe1 O-O 11. a4 bxa4 12. Nxa4 Nbd7 13. c4 exf4 14. Bxf4 Ne5
15. Nxe5 dxe5 16. Bd2 Rb8 17. Ba5 Qd7 18. Qe3 Ng4 19. Qe2 Bb4 20. Nc3 Bc5+ 21.
Kh1 Nf2+ 22. Rxf2 Bxf2 23. Nd5 Bd4 24. Rb1 Rb3 25. Qc2 Qb7 26. c5 Rxb2 27. Rxb2
Qxb2 28. Qxb2 Bxb2 29. c6 Ba3 30. Nb6 Rd8 31. Nxc8 Rxd3 32. Kg1 Rd1+ 33. Kf2
Rc1 34. c7 Kf8 35. Ke2 Ke8 36. Kd2 Kd7 37. Nb6+ Kxc7 38. Nc4+ Kc6 39. Nxa3 Rg1
40. g3 Rg2+ 41. Kd3 Rxh2 42. Nc4 f6 43. Ne3 h5 44. Nf5 Rg2 45. Be1 a5 46. Kc4
a4 47. Bb4 g6 48. Ne7+ Kd7 49. Nxg6 Rxg3 50. Nf8+ Kc6 51. Nh7 a3 52. Bc3 a2 53.
Bb2 Rf3 54. Nxf6 Rxf6 0-1

[Event "BL 8283 Porz-Bamberg"]
[Site "?"]
[Date "1983.??.??"]
[Round "?.6"]
[White "Gerusel, M."]
[Black "Schlaugat, M."]
[Result "1-0"]
[WhiteElo "2390"]
[BlackElo "2235"]
[PlyCount "80"]
[EventDate "1983.??.??"]

1. g3 d5 2. Bg2 c6 3. Nf3 Nf6 4. b3 Nbd7 5. Bb2 Qc7 6. d4 e6 7. O-O b5 8. c4
bxc4 9. bxc4 Rb8 10. Qc2 dxc4 11. Nbd2 Ba6 12. Ne5 Nxe5 13. dxe5 Nd5 14. Ne4
Be7 15. Nd6+ Kf8 16. Rab1 Nb6 17. Rfd1 Rd8 18. Qe4 c5 19. Qf4 Bxd6 20. exd6 Qd7
21. Qg5 f6 22. Bxf6 gxf6 23. Qxf6+ Kg8 24. Bc6 Rf8 25. Qe7 Qxc6 26. d7 Nc8 27.
Qxf8+ Kxf8 28. d8=Q+ Kg7 29. Qg5+ Kf7 30. Rbc1 Ne7 31. Rc3 Qa4 32. Rf3+ Ke8 33.
Rb1 Qc2 34. Rb8+ Kd7 35. Rxh8 Bb7 36. Qe5 Bxf3 37. exf3 c3 38. Qxc5 Qd1+ 39.
Kg2 c2 40. Rxh7 c1=Q {ZÜ} 1-0

[Event "BL 8283 Porz-Bamberg"]
[Site "?"]
[Date "1983.??.??"]
[Round "?.7"]
[White "Treppner, G."]
[Black "Staller, P."]
[Result "1/2-1/2"]
[WhiteElo "2310"]
[BlackElo "2360"]
[PlyCount "45"]
[EventDate "1983.??.??"]

1. Nf3 Nf6 2. c4 c5 3. Nc3 Nc6 4. e3 e6 5. d4 d5 6. cxd5 exd5 7. Be2 a6 8. O-O
Bd6 9. dxc5 Bxc5 10. b3 O-O 11. Bb2 Ba7 12. Rc1 Qd6 13. Qd2 Rd8 14. Rfd1 Bg4
15. Nd4 Nxd4 16. exd4 Bb8 17. g3 Bxe2 18. Qxe2 Re8 19. Qd3 Ba7 20. Re1 h6 21.
Kg2 Qb4 22. Rxe8+ Rxe8 23. Ne2 1/2-1/2

[Event "BL 8283 Markth'feld-Erlangen"]
[Site "?"]
[Date "1983.??.??"]
[Round "?.1"]
[White "Feustel, B."]
[Black "Goehring, K."]
[Result "1/2-1/2"]
[WhiteElo "2360"]
[BlackElo "2365"]
[PlyCount "59"]
[EventDate "1983.??.??"]

1. Nf3 d5 2. c4 c6 3. b3 Bf5 4. Bb2 e6 5. g3 Nf6 6. Bg2 h6 7. O-O Be7 8. d3 O-O
9. Nbd2 a5 10. a3 Na6 11. Qc2 Rc8 12. Ne5 Qb6 13. Qc3 Rfd8 14. Ndf3 Bf8 15. Nd4
Bh7 16. Bh3 Re8 17. f4 Rcd8 18. Kh1 Nc5 19. Rf3 Nfd7 20. Raf1 Nxe5 21. fxe5 Bg6
22. Rf4 Be7 23. Bc1 Bg5 24. Rg4 Bxc1 25. Rxc1 Nd7 26. c5 Qc7 27. Rxg6 fxg6 28.
Nxe6 Qxe5 29. Qxe5 Nxe5 30. Nxd8 1/2-1/2